00704nam a22002297a 4500003000500000005001700005008004100022010000900063011001000072035001000082040000900092100002900101245007400130260007800204300001000282490003100292650002500323650003100348700003200379700003200411830003100443CHAP20220329133717.0971013s1991 r 00010 d a9806 a10778 a10016 cCHAP00aChacón Torres, Arturo. aSíntesis limnológica del Lago de Patzcuaro, Michoacán, México aMorelia, Mich. :bUniversidad Michoacana de San Nicolas de Hidalgo,c1991 a30 p. aBiología acuáticav; 114aLago de Pátzcuaro.14aLimnologíaxMichoacán.0 aMúzquiz Iribe, Elizabeth.0 aPérez Munguía, Ricardo.0 aBiología acuáticav; 1